Catálogo
 En Linea

Dino-Matemáticas : (Registro nro. 12442)

Detalles MARC
000 -CABECERA
campo de control de longitud fija 00850nam a2200181 a 4500
001 - NÚMERO DE CONTROL
campo de control 000012791
005 - FECHA Y HORA DE LA ÚLTIMA TRANSACCIÓN
campo de control 20200929163057.0
008 - DATOS DE LONGITUD FIJA--INFORMACIÓN GENERAL
campo de control de longitud fija 091117s2001 dr a 000 0 spa d
040 ## - FUENTE DE LA CATALOGACIÓN
Centro catalogador/agencia de origen DO-SdBNP
Lengua de catalogación spa
Centro/agencia transcriptor BNPHU
082 ## - NÚMERO DE LA CLASIFICACIÓN DECIMAL DEWEY
Número de clasificación xxxx
Número de documento/Ítem xxxx
100 1# - ENTRADA PRINCIPAL--NOMBRE DE PERSONA
Nombre de persona Rachadell Portillo, Natalia
9 (RLIN) 29599
245 10 - MENCIÓN DE TÍTULO
Título Dino-Matemáticas :
Resto del título 4to curso /
Mención de responsabilidad, etc. Natalia Rachadell Portillo, Rocío Sesto de Peigney.
246 10 - FORMA VARIANTE DE TÍTULO
Título propio/Titulo breve Matemática :
Resto del título cuarto grado /
260 ## - PUBLICACIÓN, DISTRIBUCIÓN, ETC.
Lugar de publicación, distribución, etc. Santo Domingo :
Nombre del editor, distribuidor, etc. Secretaría de Estado de Educación,
Fecha de publicación, distribución, etc. 2001.
300 ## - DESCRIPCIÓN FÍSICA
Extensión 189 p. :
Otras características físicas il. ;
Dimensiones 28 cm.
505 0# - NOTA DE CONTENIDO CON FORMATO
Información miscelánea v. 4
Título Dino-Números-Saurios --
-- Dino-Adición --
-- Dino-Sustracción --
-- Dino-Multiplicación --
-- Dino-División --
-- Dino-Cocktail de operaciones --
-- Dino-Fracciones --
-- Dino-Decimales --
-- Dino- Geometría --
-- Dino-Gráficas --
-- Dino-Medición --
700 12 - PUNTO DE ACCESO ADICIONAL--NOMBRE DE PERSONA
Nombre de persona Sesto de Peigney, Rocío
9 (RLIN) 29600
Existencias
Estado de retiro Estado de pérdida No para préstamo Código de colección Localización permanente Ubicación/localización actual Ubicación en estantería Fecha de adquisición Número de inventario Total de préstamos Signatura topográfica completa Código de barras Fecha visto por última vez Precio válido a partir de Tipo de ítem Koha Número de copia
    Excluido de préstamo Patrimonio Dominicano Patrimonio Dominicano Patrimonio Dominicano Depósito 17.11.2009 LF1   xxxx xxxx 12791-10 25.06.2020 25.06.2020 Libro y Folleto Colección Patrimonio Dominicano  
    Excluido de préstamo Patrimonio Dominicano Patrimonio Dominicano Patrimonio Dominicano Depósito 12.08.2015 LF1   xxxx xxxx 12791-20 25.06.2020 25.06.2020 Libro y Folleto Colección Patrimonio Dominicano e. 2

Con tecnología Koha